| 000 | 00411nam a2200157 a 4500 | ||
|---|---|---|---|
| 005 | 20140310183147.0 | ||
| 008 | 020826s19uu xx 00 eng d | ||
| 050 |
_aPZ 7 _b.J82 1999 |
||
| 100 | _aJordan, Penny | ||
| 245 |
_aA forbiden loving / _cPenny Jordan. |
||
| 260 |
_aSydney ; _bHarlequin Mills & Boon, _c1999. |
||
| 300 |
_a220 p. : _c17 cm. |
||
| 650 | _aFiction | ||
| 942 |
_cBK _2lcc |
||
| 999 |
_c19570 _d19570 |
||